देवाशपथ खरं लिहीन (Record no. 996520)

MARC details
000 -LEADER
fixed length control field 00392nam a2200133Ia 4500
008 - FIXED-LENGTH DATA ELEMENTS--GENERAL INFORMATION
fixed length control field 151001s9999||||xx |||||||||||||| ||und||
100 ## - MAIN ENTRY--PERSONAL NAME
Personal name सुर्यकांत मांडरे
245 ## - TITLE STATEMENT
Title देवाशपथ खरं लिहीन
250 ## - EDITION STATEMENT
Edition statement 1
260 ## - PUBLICATION, DISTRIBUTION, ETC. (IMPRINT)
Name of publisher, distributor, etc अमेय प्रकाशन पुणे
260 ## - PUBLICATION, DISTRIBUTION, ETC. (IMPRINT)
Date of publication, distribution, etc 2005
300 ## - PHYSICAL DESCRIPTION
Extent 360
365 ## - TRADE PRICE
Price amount 21

No items available.